LEADER 00631nas a2200157 i 4500 001 000000008560 003 CaOOAMICUS 005 20180830125439.0 008 180830n fr u0 und u 040 $aSeMil$bita 245 10$aÉglise et société /$ccollection dirigée par les Jésuites du Centre de Recherche et d'Action Sociales. 260 $aParis :$bLe Centurion,$c[19--] 300 $av. ;$c21 cm. 700 1 $aCentre de Recherche et d'Action Sociales .$0(OLS)http://semarc/name/2204 996 $6245$aÉglise et société$9(OLS)http://semarc/title/11349 996 $6260$aParis :$bLe Centurion$9(OLS)http://semarc/publisher/32052 LEADER 01419nam a2200313 i 4500 001 000000125428 003 CaOOAMICUS 005 20051115000000.0 008 051115s1998 it u000 u ita u 013 $a98129 020 $a88-8134-025-9 040 $aSeMil$bita 245 10$aSeveso vent'anni dopo :$bdall'incidente al Bosco delle Querce /$ca cura di Miriam Ramondetta e Alessandra Repossi. 260 $aMilano :$bFondazione Lombardia per l'ambiente,$ccopyr. 1998. 300 $a201 p. :$bill. ;$c210cm. 490 0 $aI dossier ;$vN.32 500 $aFondo Card. C.M. Martini. 650 4$aSeveso - Disastro ambientale - ICMESA.$0(OLS)http://semarc/subject/37023 650 4$aSeveso - Parco naturale Bosco delle Querce.$0(OLS)http://semarc/subject/24394 700 1 $aRepossi, Alessandra.$0(OLS)http://semarc/name/52114 700 1 $aRamondetta, Miriam.$0(OLS)http://semarc/name/52113 830 2$aI dossier ;$vN.32.$0(OLS)http://semarc/title/19496 850 $aSeMil 852 $aSeMil$W1$xVenegono$y1$m3P II 16$j79883$B79883$CSeMilBibl$Z2$F106143 $81 941 1 $a4 961 $aOmaggio: Martini Card. Carlo Maria 996 $6020$a88-8134-025-9$9(OLS)http://semarc/number/111361 996 $6245$aSeveso vent'anni dopo :$bdall'incidente al Bosco delle Querce$9(OLS)http://semarc/title/184720 996 $6260$aMilano :$bFondazione Lombardia per l'ambiente$9(OLS)http://semarc/publisher/33986